000 01158nam a2200313Ia 4500
001 ebr10044851
003 CaPaEBR
006 m u
007 cr cn|||||||||
008 020601s2002 nyu sb 001 0 eng d
010 _z 2002072839
020 _z0333750128 (cloth)
040 _aCaPaEBR
_cCaPaEBR
035 _a(OCoLC)614575655
050 1 4 _aJC312
_b.E84 2002eb
082 0 4 _a320.54
_221
245 0 0 _aEthnonational identities
_h[electronic resource] /
_cedited by Steve Fenton and Stephen May.
260 _aNew York :
_bPalgrave Macmillan,
_c2002.
300 _axii, 272 p.
504 _aIncludes bibliographical references and index.
533 _aElectronic reproduction.
_bPalo Alto, Calif. :
_cebrary,
_d2009.
_nAvailable via World Wide Web.
_nAccess may be limited to ebrary affiliated libraries.
650 0 _aNationalism.
650 0 _aEthnicity.
655 7 _aElectronic books.
_2local
700 1 _aFenton, Steve,
_d1942-
700 1 _aMay, Stephen,
_d1962-
710 2 _aebrary, Inc.
856 4 0 _uhttp://site.ebrary.com/lib/rucke/Doc?id=10044851
_zAn electronic book accessible through the World Wide Web; click to view
999 _c75238
_d75238